=LDR 00000nam 2200000 4500 =001 INLIS000000000016942 =005 20130612112146 =008 ***********************************Ind** =035 ##$$0010-061300000016942 =041 ##$$a Ind =082 ##$$a 92(Sutomo) =090 ##$$a 92(Sutomo), Kut d =100 ##$$a Kutoyo, Sutrisno =245 ##$$a Dr. Sutomo, riwayat hidup dan perjuangannya, Sutrisno Kutoyo =260 ##$$a 2001 $b Jakarta =300 ##$$a 81 hlm, ilus, 21 cm =650 ##$$a Sutomo, 1888-1938 =850 ##$$a NBPNMAT